Reminiscence / (Record no. 7667)

MARC details
000 -LEADER
fixed length control field 00557nam a22001817a 4500
003 - CONTROL NUMBER IDENTIFIER
control field OSt
005 - DATE AND TIME OF LATEST TRANSACTION
control field 20260121073615.0
008 - FIXED-LENGTH DATA ELEMENTS--GENERAL INFORMATION
fixed length control field 260121b |||||||| |||| 00| 0 eng d
020 ## - INTERNATIONAL STANDARD BOOK NUMBER
International Standard Book Number 9789715103381
040 ## - CATALOGING SOURCE
Original cataloging agency DWCL - Main
Transcribing agency OC
082 ## - DEWEY DECIMAL CLASSIFICATION NUMBER
Classification number SC 271.97 L429r 2025
100 ## - MAIN ENTRY--PERSONAL NAME
Personal name Layugan, Michael G.
Relator term Author
245 ## - TITLE STATEMENT
Title Reminiscence /
Statement of responsibility, etc. Michael G. Layugan
260 ## - PUBLICATION, DISTRIBUTION, ETC.
Place of publication, distribution, etc. Sta. Cruz, Manila:
Name of publisher, distributor, etc. Logos Publications,
Date of publication, distribution, etc. c2025.
300 ## - PHYSICAL DESCRIPTION
Extent 348 pages:
Other physical details colored illustrations;
Dimensions 30cm.
650 ## - SUBJECT ADDED ENTRY--TOPICAL TERM
Topical term or geographic name entry element 1. Society of the Divine Word - History.
942 ## - ADDED ENTRY ELEMENTS (KOHA)
Source of classification or shelving scheme Dewey Decimal Classification
Koha item type Special Collection
Suppress in OPAC No
952 ## - LOCATION AND ITEM INFORMATION (KOHA)
--
Holdings
Withdrawn status Lost status Source of classification or shelving scheme Damaged status Not for loan Home library Current library Shelving location Date acquired Source of acquisition Total Checkouts Full call number Barcode Date last seen Copy number Price effective from Koha item type Uniform Resource Identifier
    Dewey Decimal Classification     Junior High School Library Junior High School Library Special Collection 01/21/2026 Donation   SC 271.97 L429r 2025 JHS - 21510 01/21/2026 c1 01/21/2026 SC